000 00362cam a22001575a 4500
001 LB142403
008 080212s2008 xxk f 000 0 eng d
035 _a(Sirsi) u142403
041 0 _aeng
100 1 _aSauvain, Stephen
245 0 0 _aHighway Law
250 _a4th edition
260 _bSweet & Maxwell
_c2008
651 4 _aENGLAND AND WALES
942 _n0
999 _c107878
_d107878